书目信息 |
| 题名: |
有色金属合金与压力加工
|
|
| 作者: | ;《冶金常识》编写组 编 | |
| 分册: | ||
| 出版信息: | 北京 冶金工业出版社 1973 |
|
| 页数: | 159页 | |
| 开本: | 20cm | |
| 丛书名: | ||
| 单 册: | ||
| 中图分类: | TG3 | |
| 科图分类: | ||
| 主题词: | 金属压力加工 | |
| 电子资源: | ||
| ISBN: | ||
| 000 | 00662nam0 2200217 450 | |
| 001 | 0557433976 | |
| 005 | 20051231160020.04 | |
| 010 | @dCNY0.43 | |
| 100 | @a20051231d1973 km y0chiy0120 ea | |
| 101 | 0 | @achi |
| 102 | @aCN@b110000 | |
| 102 | @aCN@b110000 | |
| 200 | 1 | @a有色金属合金与压力加工@Ayou se jin shu he jin yu ya li jia gong@f《冶金常识》编写组编@F《ye jin chang shi》bian xie zu bian |
| 210 | @a北京@c冶金工业出版社@d1973 | |
| 215 | 1 | @a159页@d20cm |
| 300 | @a十种常用有色金属 | |
| 606 | 0 | @a金属压力加工 |
| 690 | @aTG3@v4 | |
| 711 | 0 | @a《冶金常识》编写组@A《ye jin chang shi》bian xie zu@4编 |
| 801 | 0 | @aCN@bPFT@c20051231 |
| 905 | @a10447@dTG3@e2 | |
| 有色金属合金与压力加工/《冶金常识》编写组编.-北京:冶金工业出版社,1973 |
| 159页;20cm |
| 十种常用有色金属 |
| ISBN :CNY0.43 |
| ● |
| 相关链接 |
|
|
|
|
正题名:有色金属合金与压力加工
索取号:TG3/2
 
预约/预借
| 序号 | 登录号 | 条形码 | 馆藏地/架位号 | 状态 | 备注 |
| 1 | 0017400 | 202184028 | 密集书库/ [索取号:TG3/2] | 在馆 | |
| 2 | 0017401 | 202184064 | 密集书库/ [索取号:TG3/2] | 在馆 | |
| 3 | 0017402 | 202184108 | 密集书库/ [索取号:TG3/2] | 在馆 |